| 000 | 00684nam a2200229Ia 4500 | ||
|---|---|---|---|
| 005 | 20260320201853.0 | ||
| 008 | 008 262003s9999 xx 000 0 eng d | ||
| 037 | _aEBOOK | ||
| 040 | _aCRL | ||
| 040 | _beng | ||
| 040 | _cCRL | ||
| 041 | _2eng | ||
| 041 | _aeng | ||
| 084 | _qCRL | ||
| 100 |
_aMakhija _91136172 |
||
| 245 | 0 | _aImplementing Analytics Solutions Using Microsoft Fabric—DP-600 Exam Study Guide: Boost your skills with expert insights and certification-ready strategies for Microsoft analytics | |
| 260 | _bIEEE | ||
| 856 | _uhttps://ieeexplore.ieee.org/servlet/opac?bknumber=11297066 | ||
| 942 | _cEBOOK | ||
| 999 |
_c1724008 _d1724008 |
||